Sudden Death: Broadway Musicals - Statistics

General Stats
  • This quiz has been taken 1,073 times
  • The average score is 5 of 9
Answers on the Grid
Answers color-coded by a green-red scale on the quiz's grid according to % correct below.
Falsettos
Dark of the Moon
Urinetown
Noises Off
Chicago
Othello
Kismet
August: Osage County
Titanic
Long Day's Journey Into Night
Rent
The Odd Couple
Urban Cowboy
The Little Dog Laughed
Mamma Mia!
The Persecution and Assassination of Jean-Paul Marat as Performed by the Inmates of the Asylum of Charenton Under the Direction of the Marquis de Sade
Pippin
It
 
Answer Stats
Answer % Correct
Chicago
90%
Mamma Mia!
86%
Rent
80%
Falsettos
66%
Urinetown
57%
Pippin
54%
Titanic
36%
Kismet
18%
Urban Cowboy
10%
No matching quizzes found
Score Distribution
Percent of People with Each Score
Percentile by Number Answered
Your Score History
You have not taken this quiz